000 02736cam a22003858i 4500
001 22342597
003 OSt
005 20230929161335.0
008 211209s2022 flu b 001 0 eng
010 _a 2021056611
020 _a9781032014456
_q(hardback)
020 _a9781032015309
_q(paperback)
020 _z9781003178972
_q(ebook)
040 _aDLC
_beng
_erda
_cDLC
042 _apcc
050 0 0 _aQA371
_b.M4725 2022
082 0 0 _a515.35015118
_bMIC/M
100 1 _aMickens, Ronald E.,
_d1943-
_eauthor.
_99642
245 1 0 _aMathematical modeling with differential equations /
_cRonald E. Mickens, Clark Atlanta University, USA.
263 _a2205
264 1 _aBoca Raton :
_bChapman & Hall/CRC Press,
_c2022.
300 _a269 pages
336 _atext
_btxt
_2rdacontent
337 _aunmediated
_bn
_2rdamedia
338 _avolume
_bnc
_2rdacarrier
504 _aIncludes bibliographical references and index.
520 _a"Mathematical Modeling with Differential Equations aims to introduce various strategies for modeling systems using differential equations. Some of these methodologies are elementary and quite direct to comprehend and apply while others are complex in nature and require thoughtful, deep contemplation. Many topics discussed in the chapter do not appear in any of the standard textbooks and this provides users an opportunity to consider a more general set of interesting systems that can be modeled. For example, the book investigates the evolution of a "toy universe," discusses why "alternate futures" exists in classical physics, constructs approximate solutions to the famous Thomas-Fermi equation using only algebra and elementary calculus, and examines the importance of "truly nonlinear" and oscillating systems. Features -- Introduces, defines, and illustrates the concept of "dynamic consistency" as the foundation of modeling -- Can be used as the basis of an upper-level undergraduate course on general procedures for mathematical modeling using differential equations -- Discusses the issue of dimensional analysis and continually demonstrates its value for both the construction and analysis of mathematical modeling"--
_cProvided by publisher.
650 0 _aDifferential equations.
650 0 _aMathematical models.
650 0 _aMathematical analysis.
776 0 8 _iOnline version:
_aMickens, Ronald E.
_tMathematical modeling with differential equations
_bFirest edition.
_dBoca Raton : CRC Press, Taylor & Francis Group, 2022
_z9781003178972
_w(DLC) 2021056612
906 _a7
_bcbc
_corignew
_d1
_eecip
_f20
_gy-gencatlg
942 _2ddc
_cBK
_h515.35015118
_iMIC/M
_k515.35015118
_mMIC/M
999 _c42362
_d42362